[Event "DEM U14w 2017"]
[Site "Willingen GER"]
[Date "2017.06.06"]
[Round "5"]
[White "Müdder, Melanie"]
[Black "Berelowitsch, Dana"]
[Result "1/2-1/2"]
[Termination "normal"]
[Board "1"]
[WhiteElo "1769"]
[BlackElo "1646"]
[WhiteClock "00:12:07"]
[BlackClock "00:18:42"]
[PlyCount "93"]
[WhiteFideId "12994103"]
[BlackFideId "12977144"]
[EventCountry "GER"]
[EventRounds "9"]
[EventType "swiss"]
[EventDate "2017.06.03"]

1. e4 e6 2. d4 d5 3. Nd2 c5 4. Ngf3 cxd4 5. Nxd4 Nf6 6. Bb5+ {[%clk 1:23:40]}
6... Bd7 {[%clk 1:32:18]} 7. exd5 {[%clk 1:16:39]} 7... exd5 {[%clk 1:28:25]}
8. O-O {[%clk 1:11:59]} 8... Be7 {[%clk 1:26:49]} 9. N2f3 {[%clk 1:03:32]} 9...
O-O {[%clk 1:23:13]} 10. Bf4 {[%clk 0:55:47]} 10... Nc6 {[%clk 1:19:43]} 11. c3
{[%clk 0:52:10]} 11... a6 {[%clk 1:11:32]} 12. Bd3 {[%clk 0:48:48]} 12... Re8 {
[%clk 1:03:16]} 13. Re1 {[%clk 0:43:28]} 13... Bc5 {[%clk 0:58:58]} 14. Rxe8+ {
[%clk 0:35:48]} 14... Qxe8 {[%clk 0:56:33]} 15. Nb3 {[%clk 0:33:54]} 15... Bb6
{[%clk 0:53:50]} 16. Qc2 {[%clk 0:29:04]} 16... Bg4 {[%clk 0:49:40]} 17. Re1 {
[%clk 0:26:29]} 17... Qd7 {[%clk 0:48:18]} 18. Nfd2 {[%clk 0:20:53]} 18... Rc8
{[%clk 0:45:18]} 19. Qb1 {[%clk 0:19:14]} 19... h6 {[%clk 0:41:43]} 20. h3 {
[%clk 0:16:22]} 20... Be6 {[%clk 0:40:50]} 21. Nf3 {[%clk 0:12:36]} 21... Qd8 {
[%clk 0:29:43]} 22. Be3 {[%clk 0:11:46]} 22... Qc7 {[%clk 0:24:01]} 23. Bxb6 {
[%clk 0:11:08]} 23... Qxb6 {[%clk 0:24:13]} 24. Nfd4 {[%clk 0:10:11]} 24... Bd7
{[%clk 0:20:36]} 25. Bf5 {[%clk 0:08:49]} 25... Rd8 {[%clk 0:16:45]} 26. Bxd7 {
[%clk 0:08:07]} 26... Rxd7 {[%clk 0:16:52]} 27. Qd3 {[%clk 0:07:27]} 27... Qc7
{[%clk 0:15:59]} 28. Nc5 {[%clk 0:06:45]} 28... Ne5 {[%clk 0:15:19]} 29. Rxe5 {
[%clk 0:06:10]} 29... Qxe5 {[%clk 0:14:00]} 30. Nxd7 {[%clk 0:06:25]} 30...
Nxd7 {[%clk 0:14:13]} 31. Nf3 {[%clk 0:05:34]} 31... Qe6 {[%clk 0:14:02]} 32.
Qd4 {[%clk 0:04:52]} 32... Qd6 {[%clk 0:09:59]} 33. c4 {[%clk 0:03:55]} 33...
Nf6 {[%clk 0:09:00]} 34. cxd5 {[%clk 0:03:06]} 34... Qxd5 {[%clk 0:09:09]} 35.
Qxd5 {[%clk 0:02:51]} 35... Nxd5 {[%clk 0:09:37]} 36. Ne5 {[%clk 0:01:37]}
36... Nf6 {[%clk 0:06:40]} 37. Kf1 {[%clk 0:01:23]} 37... Kf8 {[%clk 0:06:59]}
38. Nc4 {[%clk 0:01:11]} 38... Ke7 {[%clk 0:05:14]} 39. Ke2 {[%clk 0:01:13]}
39... Ke6 {[%clk 0:05:03]} 40. Na5 {[%clk 0:00:54]} 40... b6 {[%clk 0:03:36]}
41. Nc4 {[%clk 0:00:31]} 41... b5 {[%clk 0:30:22]} 42. Nd2 {[%clk 0:27:06]}
42... Ke5 {[%clk 0:26:02]} 43. Kd3 {[%clk 0:24:12]} 43... Nd7 {[%clk 0:20:57]}
44. Nb3 {[%clk 0:19:48]} 44... Kd5 {[%clk 0:20:30]} 45. Kc3 {[%clk 0:16:58]}
45... Nc5 {[%clk 0:18:15]} 46. Nxc5 {[%clk 0:14:49]} 46... Kxc5 {[%clk 0:18:42]
} 47. a3 {[%clk 0:12:07]} 1/2-1/2

[Event "DEM U14w 2017"]
[Site "Willingen GER"]
[Date "2017.06.06"]
[Round "5"]
[White "Glinzner, Alva"]
[Black "Bui, Ngoc Han Julia"]
[Result "1/2-1/2"]
[Termination "normal"]
[Board "2"]
[WhiteElo "1750"]
[BlackElo "1794"]
[WhiteClock "00:44:05"]
[BlackClock "00:23:37"]
[PlyCount "94"]
[WhiteFideId "16206169"]
[BlackFideId "12977055"]
[EventCountry "GER"]
[EventRounds "9"]
[EventType "swiss"]
[EventDate "2017.06.03"]

1. e4 {[%clk 1:30:59]} 1... c5 {[%clk 1:30:54]} 2. Nf3 {[%clk 1:31:26]} 2... d6
{[%clk 1:31:21]} 3. Bb5+ {[%clk 1:31:50]} 3... Nc6 {[%clk 1:31:47]} 4. O-O {
[%clk 1:31:59]} 4... Bd7 {[%clk 1:30:55]} 5. c4 {[%clk 1:30:43]} 5... e5 {
[%clk 1:24:32]} 6. Nc3 {[%clk 1:30:29]} 6... f5 {[%clk 1:21:58]} 7. d3 { [%clk
1:27:12]} 7... Be7 {[%clk 1:16:33]} 8. a3 {[%clk 1:08:20]} 8... Nf6 { [%clk
1:11:32]} 9. Bd2 {[%clk 0:57:01]} 9... O-O {[%clk 1:07:07]} 10. Rb1 { [%clk
0:51:11]} 10... fxe4 {[%clk 0:54:34]} 11. dxe4 {[%clk 0:49:30]} 11... Bg4
{[%clk 0:53:30]} 12. Bxc6 {[%clk 0:45:50]} 12... bxc6 {[%clk 0:53:36]} 13. Re1
{[%clk 0:44:45]} 13... Nh5 {[%clk 0:50:10]} 14. Re3 {[%clk 0:41:53]} 14... Nf4
{[%clk 0:41:11]} 15. Ne2 {[%clk 0:38:51]} 15... Ne6 {[%clk 0:34:42]} 16. Ne1 {
[%clk 0:36:44]} 16... Nd4 {[%clk 0:29:20]} 17. f3 {[%clk 0:36:10]} 17... Be6 {
[%clk 0:28:58]} 18. b3 {[%clk 0:34:26]} 18... Rb8 {[%clk 0:22:20]} 19. Ng3 {
[%clk 0:30:54]} 19... Rb7 {[%clk 0:19:02]} 20. Rc3 {[%clk 0:28:03]} 20... a5 {
[%clk 0:17:18]} 21. Nd3 {[%clk 0:26:14]} 21... Qc7 {[%clk 0:16:23]} 22. a4 {
[%clk 0:25:50]} 22... Rfb8 {[%clk 0:16:34]} 23. Nc1 {[%clk 0:23:59]} 23... Rb4
{[%clk 0:16:17]} 24. Nd3 {[%clk 0:22:46]} 24... R4b7 {[%clk 0:15:16]} 25. Ne2 {
[%clk 0:21:57]} 25... Bd8 {[%clk 0:15:21]} 26. Ng3 {[%clk 0:19:14]} 26... Qf7 {
[%clk 0:15:35]} 27. Nc1 {[%clk 0:18:39]} 27... Bb6 {[%clk 0:14:14]} 28. Nd3 {
[%clk 0:18:22]} 28... Ba7 {[%clk 0:11:26]} 29. Ne2 {[%clk 0:17:37]} 29... Nxb3
{[%clk 0:10:00]} 30. Rcxb3 {[%clk 0:17:33]} 30... Rxb3 {[%clk 0:10:10]} 31.
Rxb3 {[%clk 0:17:53]} 31... Rxb3 {[%clk 0:10:36]} 32. Qxb3 {[%clk 0:18:08]}
32... Bxc4 {[%clk 0:11:01]} 33. Qc3 {[%clk 0:18:00]} 33... Bxd3 {[%clk 0:11:19]
} 34. Kf1 {[%clk 0:16:49]} 34... Bxe2+ {[%clk 0:10:11]} 35. Kxe2 { [%clk
0:17:12]} 35... Bb6 {[%clk 0:09:42]} 36. Qb2 {[%clk 0:16:39]} 36... Bd8 { [%clk
0:08:15]} 37. Qb8 {[%clk 0:16:28]} 37... Qc7 {[%clk 0:08:36]} 38. Qb3+ { [%clk
0:16:37]} 38... Kf8 {[%clk 0:08:09]} 39. Qe6 {[%clk 0:16:03]} 39... Qe7 { [%clk
0:05:26]} 40. Qc8 {[%clk 0:15:58]} 40... Qe8 {[%clk 0:04:54]} 41. Qa8 { [%clk
0:15:11]} 41... Bc7 {[%clk 0:03:38]} 42. Qb7 {[%clk 0:15:09]} 42... Bd8 { [%clk
0:01:01]} 43. Qa8 {[%clk 0:15:26]} 43... Bc7 {[%clk 0:23:57]} 44. Qb7 { [%clk
0:46:17]} 44... Qd8 {[%clk 0:23:38]} 45. Qxc6 {[%clk 0:46:22]} 45... h6 { [%clk
0:23:51]} 46. h4 {[%clk 0:44:13]} 46... Ke7 {[%clk 0:23:44]} 47. h5 { [%clk
0:44:05]} 47... Qd7 {[%clk 0:23:37]} 1/2-1/2

[Event "DEM U14w 2017"]
[Site "Willingen GER"]
[Date "2017.06.06"]
[Round "5"]
[White "Khamenya, Vitalia"]
[Black "Basovskiy, Jana"]
[Result "1-0"]
[Termination "normal"]
[Board "3"]
[WhiteElo "1814"]
[BlackElo "1741"]
[WhiteClock "00:01:36"]
[BlackClock "00:05:28"]
[PlyCount "81"]
[WhiteFideId "12959260"]
[BlackFideId "16208617"]
[EventCountry "GER"]
[EventRounds "9"]
[EventType "swiss"]
[EventDate "2017.06.03"]

1. d4 {[%clk 1:30:51]} 1... d5 {[%clk 1:30:54]} 2. c4 {[%clk 1:31:01]} 2... e6
{[%clk 1:31:18]} 3. Nc3 {[%clk 1:31:10]} 3... Nf6 {[%clk 1:31:41]} 4. Bg5 {
[%clk 1:31:20]} 4... Be7 {[%clk 1:32:02]} 5. cxd5 {[%clk 1:30:58]} 5... exd5 {
[%clk 1:32:22]} 6. e3 {[%clk 1:29:44]} 6... c6 {[%clk 1:32:30]} 7. Bd3 { [%clk
1:28:56]} 7... Nbd7 {[%clk 1:32:15]} 8. Qc2 {[%clk 1:28:59]} 8... O-O { [%clk
1:32:34]} 9. Nf3 {[%clk 1:26:42]} 9... Re8 {[%clk 1:32:36]} 10. O-O-O { [%clk
1:25:36]} 10... Nf8 {[%clk 1:26:15]} 11. Bf4 {[%clk 1:17:26]} 11... Bd6 { [%clk
1:21:24]} 12. Bxd6 {[%clk 1:14:41]} 12... Qxd6 {[%clk 1:18:09]} 13. h3 { [%clk
1:12:12]} 13... b6 {[%clk 1:10:49]} 14. Kb1 {[%clk 1:12:04]} 14... Be6 { [%clk
1:05:30]} 15. Rc1 {[%clk 1:10:25]} 15... Rec8 {[%clk 0:55:07]} 16. Ne5 { [%clk
1:01:57]} 16... N6d7 {[%clk 0:51:18]} 17. f4 {[%clk 0:55:10]} 17... f6 { [%clk
0:51:06]} 18. Nxd7 {[%clk 0:45:40]} 18... Bxd7 {[%clk 0:51:11]} 19. g4 { [%clk
0:45:14]} 19... c5 {[%clk 0:46:50]} 20. Ba6 {[%clk 0:35:58]} 20... Rc7 { [%clk
0:39:46]} 21. Nxd5 {[%clk 0:33:32]} 21... Bc6 {[%clk 0:25:51]} 22. Nxc7 { [%clk
0:33:13]} 22... Qxc7 {[%clk 0:26:17]} 23. Qb3+ {[%clk 0:31:27]} 23... Kh8
{[%clk 0:23:52]} 24. d5 {[%clk 0:23:30]} 24... Be8 {[%clk 0:23:11]} 25. Bb5 {
[%clk 0:23:25]} 25... Bg6+ {[%clk 0:23:11]} 26. f5 26... Be8 {[%clk 0:18:56]}
27. e4 {[%clk 0:19:59]} 27... Qe5 28. Rhe1 {[%clk 0:17:52]} 28... Rd8 { [%clk
0:16:32]} 29. Rcd1 {[%clk 0:16:18]} 29... Qd6 {[%clk 0:14:38]} 30. Bxe8 { [%clk
0:12:54]} 30... Rxe8 {[%clk 0:15:01]} 31. Qa4 {[%clk 0:12:56]} 31... Re7 {[%clk
0:13:45]} 32. Qc6 {[%clk 0:11:11]} 32... Qxc6 {[%clk 0:12:09]} 33. dxc6 {[%clk
0:11:39]} 33... Rc7 {[%clk 0:12:29]} 34. Rd6 {[%clk 0:11:18]} 34... Kg8 {[%clk
0:12:51]} 35. e5 {[%clk 0:06:32]} 35... fxe5 {[%clk 0:13:05]} 36. Rxe5 { [%clk
0:06:35]} 36... Kf7 {[%clk 0:13:23]} 37. g5 {[%clk 0:05:13]} 37... g6 { [%clk
0:10:27]} 38. f6 {[%clk 0:04:36]} 38... a6 {[%clk 0:10:26]} 39. Kc2 { [%clk
0:02:42]} 39... Ra7 {[%clk 0:07:41]} 40. Red5 {[%clk 0:01:55]} 40... Rc7 {[%clk
0:05:28]} 41. Rd7+ {[%clk 0:01:36]} 1-0

[Event "DEM U14w 2017"]
[Site "Willingen GER"]
[Date "2017.06.06"]
[Round "5"]
[White "Schnabel, Luise"]
[Black "Schneider, Katharina"]
[Result "1-0"]
[Termination "normal"]
[Board "4"]
[WhiteElo "1661"]
[BlackElo "1493"]
[WhiteClock "00:04:41"]
[BlackClock "00:03:57"]
[PlyCount "127"]
[WhiteFideId "12943347"]
[BlackFideId "16200519"]
[EventCountry "GER"]
[EventRounds "9"]
[EventType "swiss"]
[EventDate "2017.06.03"]

1. e4 {[%clk 1:30:57]} 1... e5 {[%clk 1:30:55]} 2. Nf3 {[%clk 1:31:17]} 2...
Nc6 {[%clk 1:31:20]} 3. Bb5 {[%clk 1:31:38]} 3... a6 {[%clk 1:31:40]} 4. Bxc6 {
[%clk 1:31:57]} 4... dxc6 {[%clk 1:32:02]} 5. O-O {[%clk 1:32:21]} 5... f6 {
[%clk 1:32:14]} 6. d4 {[%clk 1:32:33]} 6... exd4 {[%clk 1:32:35]} 7. Nxd4 {
[%clk 1:32:46]} 7... c5 {[%clk 1:32:51]} 8. Nb3 {[%clk 1:32:54]} 8... Qxd1 {
[%clk 1:33:05]} 9. Rxd1 {[%clk 1:33:18]} 9... Bg4 {[%clk 1:33:20]} 10. f3 {
[%clk 1:33:25]} 10... Be6 {[%clk 1:33:42]} 11. Bf4 {[%clk 1:28:59]} 11... Rd8 {
[%clk 1:26:20]} 12. Rxd8+ {[%clk 1:07:45]} 12... Kxd8 {[%clk 1:26:39]} 13. Nc3
{[%clk 1:06:58]} 13... b6 {[%clk 1:11:47]} 14. Rd1+ {[%clk 0:56:41]} 14... Kc8
{[%clk 1:07:01]} 15. Kf2 {[%clk 0:48:33]} 15... g5 {[%clk 1:01:30]} 16. Be3 {
[%clk 0:42:01]} 16... Bd6 {[%clk 0:51:53]} 17. g3 {[%clk 0:36:20]} 17... Ne7 {
[%clk 0:44:39]} 18. Nc1 {[%clk 0:27:27]} 18... h6 {[%clk 0:39:32]} 19. f4 {
[%clk 0:13:19]} 19... Rg8 {[%clk 0:36:10]} 20. Na4 {[%clk 0:08:46]} 20... Kb7 {
[%clk 0:34:02]} 21. b4 {[%clk 0:07:09]} 21... Kc6 {[%clk 0:26:19]} 22. bxc5 {
[%clk 0:05:32]} 22... bxc5 {[%clk 0:23:22]} 23. Nb3 {[%clk 0:05:03]} 23... gxf4
{[%clk 0:19:56]} 24. gxf4 {[%clk 0:05:16]} 24... Bh3 {[%clk 0:15:04]} 25. Rg1 {
[%clk 0:03:22]} 25... Rxg1 {[%clk 0:14:55]} 26. Kxg1 {[%clk 0:03:48]} 26... c4
{[%clk 0:13:27]} 27. Nd4+ {[%clk 0:03:54]} 27... Kd7 {[%clk 0:12:21]} 28. Nb2 {
[%clk 0:03:14]} 28... Ng6 {[%clk 0:09:47]} 29. f5 {[%clk 0:02:00]} 29... Ne5 {
[%clk 0:10:12]} 30. Bxh6 {[%clk 0:01:04]} 30... Bc5 {[%clk 0:10:13]} 31. c3 {
[%clk 0:01:02]} 31... Nf3+ {[%clk 0:10:24]} 32. Kh1 {[%clk 0:00:59]} 32... Nxd4
{[%clk 0:10:18]} 33. cxd4 {[%clk 0:01:02]} 33... Bxd4 {[%clk 0:10:42]} 34. Nxc4
{[%clk 0:01:21]} 34... Bg4 {[%clk 0:10:24]} 35. Kg2 {[%clk 0:01:25]} 35... Be2
{[%clk 0:10:02]} 36. Ne3 {[%clk 0:01:17]} 36... c5 {[%clk 0:08:38]} 37. Nd5 {
[%clk 0:00:55]} 37... Ke8 {[%clk 0:07:02]} 38. h4 {[%clk 0:00:55]} 38... c4 {
[%clk 0:06:27]} 39. Nf4 {[%clk 0:00:54]} 39... Bd1 {[%clk 0:05:04]} 40. Ne6 {
[%clk 0:00:50]} 40... Be5 {[%clk 0:04:43]} 41. Bc1 {[%clk 0:24:17]} 41... c3 {
[%clk 0:34:04]} 42. Kf2 {[%clk 0:23:25]} 42... Kf7 {[%clk 0:31:46]} 43. Ke3 {
[%clk 0:20:23]} 43... Bg3 {[%clk 0:31:08]} 44. Kd3 {[%clk 0:19:18]} 44... Bxh4
{[%clk 0:28:23]} 45. Kxc3 {[%clk 0:19:22]} 45... Be2 {[%clk 0:27:10]} 46. Kd4 {
[%clk 0:15:46]} 46... Bg3 {[%clk 0:26:11]} 47. Kd5 {[%clk 0:15:14]} 47... Bd3 {
[%clk 0:22:49]} 48. Nc5 {[%clk 0:13:45]} 48... Bb1 {[%clk 0:16:50]} 49. a4 {
[%clk 0:07:21]} 49... Bc2 {[%clk 0:16:07]} 50. Be3 {[%clk 0:06:06]} 50... Ke7 {
[%clk 0:10:38]} 51. Bd4 {[%clk 0:06:11]} 51... a5 {[%clk 0:07:00]} 52. Kc4 {
[%clk 0:04:50]} 52... Bd6 {[%clk 0:04:55]} 53. Kd5 {[%clk 0:04:00]} 53... Bg3 {
[%clk 0:03:33]} 54. Bc3 {[%clk 0:03:39]} 54... Bc7 {[%clk 0:03:27]} 55. Kc6 {
[%clk 0:03:45]} 55... Bd6 {[%clk 0:03:11]} 56. Bxf6+ {[%clk 0:03:56]} 56...
Kxf6 {[%clk 0:03:32]} 57. Kxd6 {[%clk 0:04:20]} 57... Kf7 {[%clk 0:03:40]} 58.
Ke5 {[%clk 0:04:17]} 58... Ke7 {[%clk 0:03:35]} 59. Kf4 {[%clk 0:03:52]} 59...
Kd6 {[%clk 0:03:42]} 60. f6 {[%clk 0:03:25]} 60... Bb3 {[%clk 0:02:57]} 61.
Nxb3 {[%clk 0:03:42]} 61... Ke6 {[%clk 0:03:18]} 62. e5 {[%clk 0:03:59]} 62...
Kf7 {[%clk 0:03:37]} 63. Kf5 {[%clk 0:04:21]} 63... Ke8 {[%clk 0:03:57]} 64.
Nxa5 {[%clk 0:04:41]} 1-0

[Event "DEM U14w 2017"]
[Site "Willingen GER"]
[Date "2017.06.06"]
[Round "5"]
[White "Ortlepp, Klaudia"]
[Black "Pavlov, Liliane"]
[Result "0-1"]
[Termination "normal"]
[Board "5"]
[WhiteElo "1631"]
[BlackElo "1479"]
[WhiteClock "00:27:02"]
[BlackClock "00:34:44"]
[PlyCount "90"]
[WhiteFideId "16206045"]
[BlackFideId "16225449"]
[EventCountry "GER"]
[EventRounds "9"]
[EventType "swiss"]
[EventDate "2017.06.03"]

1. e4 {[%clk 1:30:58]} 1... d5 {[%clk 1:30:52]} 2. exd5 {[%clk 1:31:21]} 2...
Qxd5 {[%clk 1:31:15]} 3. Nc3 {[%clk 1:31:42]} 3... Qd6 {[%clk 1:31:34]} 4. Nf3
{[%clk 1:31:57]} 4... c6 {[%clk 1:30:31]} 5. Bc4 {[%clk 1:31:38]} 5... Nf6 {
[%clk 1:30:41]} 6. d4 {[%clk 1:30:49]} 6... Bg4 {[%clk 1:30:15]} 7. h3 { [%clk
1:30:59]} 7... Bxf3 {[%clk 1:30:02]} 8. gxf3 {[%clk 1:30:17]} 8... e6 { [%clk
1:28:54]} 9. Be3 {[%clk 1:28:54]} 9... Nbd7 {[%clk 1:28:06]} 10. Qd3 { [%clk
1:27:20]} 10... Qc7 {[%clk 1:26:18]} 11. O-O-O {[%clk 1:25:21]} 11... O-O-O
{[%clk 1:25:53]} 12. Qe2 {[%clk 1:23:10]} 12... Nb6 {[%clk 1:23:21]} 13. Bb3
{[%clk 1:22:24]} 13... Bd6 {[%clk 1:23:14]} 14. Rd3 {[%clk 1:15:48]} 14... Bf4
{[%clk 1:22:37]} 15. Nb5 {[%clk 1:13:34]} 15... Qb8 {[%clk 1:22:04]} 16. Na3
{[%clk 1:12:32]} 16... Nfd5 {[%clk 1:19:51]} 17. c4 {[%clk 1:10:11]} 17... Nb4
{[%clk 1:18:46]} 18. Rd2 {[%clk 1:08:12]} 18... Qc7 {[%clk 1:14:34]} 19. Kb1
{[%clk 1:07:02]} 19... Rhe8 {[%clk 1:12:32]} 20. Rc1 {[%clk 1:03:44]} 20... Kb8
{[%clk 1:09:03]} 21. Qd1 {[%clk 0:59:41]} 21... f5 {[%clk 1:06:14]} 22. d5
{[%clk 0:51:54]} 22... exd5 {[%clk 1:04:56]} 23. cxd5 {[%clk 0:50:38]} 23...
N4xd5 {[%clk 1:02:56]} 24. Bxd5 {[%clk 0:38:55]} 24... Nxd5 {[%clk 0:58:44]}
25. Bxf4 {[%clk 0:30:46]} 25... Qxf4 {[%clk 0:56:28]} 26. Rd4 {[%clk 0:29:27]}
26... Qh6 {[%clk 0:55:55]} 27. Nb5 {[%clk 0:23:05]} 27... Qxh3 {[%clk 0:49:08]}
28. Ka1 {[%clk 0:18:18]} 28... a6 {[%clk 0:43:14]} 29. Nc3 {[%clk 0:17:08]}
29... Qh6 {[%clk 0:43:25]} 30. f4 {[%clk 0:16:44]} 30... Qe6 {[%clk 0:42:16]}
31. Na4 {[%clk 0:16:00]} 31... Qf6 {[%clk 0:39:32]} 32. Nc5 {[%clk 0:15:02]}
32... Ka7 {[%clk 0:35:56]} 33. Qa4 {[%clk 0:12:42]} 33... Nb6 {[%clk 0:34:34]}
34. Qb3 {[%clk 0:08:08]} 34... Rxd4 {[%clk 0:32:34]} 35. a4 {[%clk 0:07:53]}
35... Rb8 {[%clk 0:26:53]} 36. a5 {[%clk 0:07:37]} 36... Nd7 {[%clk 0:22:41]}
37. Ne6 {[%clk 0:06:19]} 37... Rd5 {[%clk 0:20:31]} 38. Nc7 {[%clk 0:05:23]}
38... Rxa5+ {[%clk 0:20:05]} 39. Kb1 {[%clk 0:05:07]} 39... Rc8 {[%clk 0:11:19]
} 40. Qb4 {[%clk 0:03:36]} 40... b6 {[%clk 0:09:41]} 41. Rh1 {[%clk 0:00:38]}
41... Rxc7 {[%clk 0:08:40]} 42. Rxh7 {[%clk 0:30:26]} 42... Rb5 {[%clk 0:38:20]
} 43. Qa3 {[%clk 0:30:37]} 43... Nc5 {[%clk 0:37:07]} 44. Rh3 {[%clk 0:29:57]}
44... Qd4 {[%clk 0:34:51]} 45. Kc2 {[%clk 0:27:02]} 45... Qxf2+ {[%clk 0:34:44]
} 0-1

[Event "DEM U14w 2017"]
[Site "Willingen GER"]
[Date "2017.06.06"]
[Round "5"]
[White "Garbuz, Nicole"]
[Black "Kunisch, Nina"]
[Result "1/2-1/2"]
[Termination "normal"]
[Board "6"]
[WhiteElo "1598"]
[BlackElo "1599"]
[WhiteClock "00:11:36"]
[BlackClock "00:21:55"]
[PlyCount "104"]
[WhiteFideId "12990701"]
[BlackFideId "12982849"]
[EventCountry "GER"]
[EventRounds "9"]
[EventType "swiss"]
[EventDate "2017.06.03"]

1. Nf3 {[%clk 1:30:57]} 1... c5 {[%clk 1:30:26]} 2. g3 {[%clk 1:31:16]} 2... g6
{[%clk 1:30:07]} 3. Bg2 {[%clk 1:31:35]} 3... Bg7 {[%clk 1:30:10]} 4. O-O {
[%clk 1:31:08]} 4... Nf6 {[%clk 1:30:14]} 5. c3 {[%clk 1:21:42]} 5... O-O {
[%clk 1:29:03]} 6. d4 {[%clk 1:21:25]} 6... cxd4 {[%clk 1:28:51]} 7. cxd4 {
[%clk 1:21:00]} 7... d6 {[%clk 1:27:48]} 8. b3 {[%clk 1:16:01]} 8... Nc6 {
[%clk 1:26:54]} 9. Bb2 {[%clk 1:14:42]} 9... d5 {[%clk 1:21:42]} 10. Ne5 {
[%clk 1:08:08]} 10... e6 {[%clk 1:05:53]} 11. f4 {[%clk 1:05:56]} 11... Nd7 {
[%clk 0:50:35]} 12. e4 {[%clk 0:55:38]} 12... dxe4 {[%clk 0:39:21]} 13. Bxe4 {
[%clk 0:51:26]} 13... Bxe5 {[%clk 0:39:19]} 14. dxe5 {[%clk 0:49:42]} 14...
Qb6+ {[%clk 0:39:35]} 15. Kh1 {[%clk 0:48:13]} 15... Nc5 {[%clk 0:38:06]} 16.
Qf3 {[%clk 0:35:14]} 16... Nxe4 {[%clk 0:35:46]} 17. Qxe4 {[%clk 0:35:01]}
17... Bd7 {[%clk 0:35:35]} 18. Nd2 {[%clk 0:19:33]} 18... Nb4 {[%clk 0:31:06]}
19. Bd4 {[%clk 0:13:48]} 19... Qc6 {[%clk 0:28:29]} 20. Qxc6 {[%clk 0:10:05]}
20... Bxc6+ {[%clk 0:28:51]} 21. Kg1 {[%clk 0:10:30]} 21... Nc2 {[%clk 0:29:03]
} 22. Bc5 {[%clk 0:10:55]} 22... Rfd8 {[%clk 0:28:36]} 23. Rad1 {[%clk 0:10:09]
} 23... b6 {[%clk 0:27:34]} 24. Bf2 {[%clk 0:09:57]} 24... Nb4 {[%clk 0:24:22]}
25. a3 {[%clk 0:09:24]} 25... Nd5 {[%clk 0:23:48]} 26. Nc4 {[%clk 0:08:41]}
26... Nc3 {[%clk 0:23:13]} 27. Rxd8+ {[%clk 0:08:11]} 27... Rxd8 { [%clk
0:23:37]} 28. Re1 {[%clk 0:05:39]} 28... Ne4 {[%clk 0:20:20]} 29. h3 { [%clk
0:04:01]} 29... b5 {[%clk 0:17:14]} 30. Nd6 {[%clk 0:03:10]} 30... Nxd6 { [%clk
0:05:02]} 31. exd6 {[%clk 0:03:36]} 31... a6 {[%clk 0:04:36]} 32. Bc5 { [%clk
0:03:59]} 32... Bd5 {[%clk 0:04:54]} 33. b4 {[%clk 0:04:11]} 33... Rd7 { [%clk
0:05:10]} 34. Ra1 {[%clk 0:03:39]} 34... Bb3 {[%clk 0:04:15]} 35. Rb1 { [%clk
0:03:51]} 35... Ba4 {[%clk 0:04:16]} 36. Rb2 {[%clk 0:04:07]} 36... h5 { [%clk
0:02:41]} 37. Rd2 {[%clk 0:04:17]} 37... Bb3 {[%clk 0:02:34]} 38. Bb6 { [%clk
0:03:50]} 38... Bd5 {[%clk 0:02:52]} 39. Bc7 {[%clk 0:03:51]} 39... Kf8 { [%clk
0:01:50]} 40. Kf2 {[%clk 0:02:51]} 40... f6 {[%clk 0:01:07]} 41. Rc2 { [%clk
0:24:55]} 41... Bc4 {[%clk 0:29:59]} 42. Kf3 {[%clk 0:23:41]} 42... Ke8 { [%clk
0:28:41]} 43. Rc3 {[%clk 0:22:41]} 43... Rh7 {[%clk 0:26:01]} 44. Kf2 { [%clk
0:21:06]} 44... Kd7 {[%clk 0:25:42]} 45. a4 {[%clk 0:20:24]} 45... Rh8 { [%clk
0:23:13]} 46. axb5 {[%clk 0:20:01]} 46... axb5 {[%clk 0:23:36]} 47. Ra3 { [%clk
0:19:26]} 47... Bd5 {[%clk 0:23:21]} 48. Ra7 {[%clk 0:15:27]} 48... Ra8 { [%clk
0:23:17]} 49. Rxa8 {[%clk 0:12:28]} 49... Bxa8 {[%clk 0:23:41]} 50. Ke3 { [%clk
0:11:39]} 50... Bg2 {[%clk 0:23:14]} 51. h4 {[%clk 0:11:50]} 51... Kc6 { [%clk
0:22:04]} 52. Kd4 {[%clk 0:11:36]} 52... Bf3 {[%clk 0:21:55]} 1/2-1/2

[Event "DEM U14w 2017"]
[Site "Willingen GER"]
[Date "2017.06.06"]
[Round "5"]
[White "Bohrer, Katharina"]
[Black "Rothenberg, Nina"]
[Result "0-1"]
[Termination "normal"]
[Board "7"]
[WhiteElo "1176"]
[BlackElo "1594"]
[PlyCount "82"]
[WhiteFideId "16225457"]
[BlackFideId "16208943"]
[EventCountry "GER"]
[EventRounds "9"]
[EventType "swiss"]
[EventDate "2017.06.03"]

1. d4 d5 2. Nf3 Nf6 3. e3 Bf5 4. c4 c6 5. Nc3 e6 6. Qb3 Qb6 7. c5 Qc7 8. Be2
Be7 9. O-O Nbd7 10. a3 O-O 11. Qd1 e5 12. dxe5 Nxe5 13. Nxe5 Qxe5 14. Qd4 Qc7
15. Qf4 Qxf4 16. exf4 Bxc5 17. Re1 Rfe8 18. Bd2 Ng4 19. Bxg4 Bxg4 20. h3 Bd7
21. Rac1 Bd6 22. Be3 b6 23. Rcd1 Re7 24. Re2 Rae8 25. Rde1 Bc8 26. Bd2 Rxe2 27.
Rxe2 Rxe2 28. Nxe2 Kf8 29. Nd4 Bd7 30. f3 c5 31. Nc2 Ke7 32. Kf2 Ke6 33. g4 Ba4
34. Ne1 d4 35. f5+ Kd5 36. Ke2 Bb5+ 37. Kf2 Be7 38. Ng2 Kc4 39. Ke1 Kd3 40. b3
Kc2 41. f4 Bc6 0-1

[Event "DEM U14w 2017"]
[Site "Willingen GER"]
[Date "2017.06.06"]
[Round "5"]
[White "Abele, Anais"]
[Black "Wagner, Victoria"]
[Result "1/2-1/2"]
[Termination "normal"]
[Board "8"]
[WhiteElo "1628"]
[BlackElo "1499"]
[PlyCount "47"]
[WhiteFideId "16208927"]
[BlackFideId "16232348"]
[EventCountry "GER"]
[EventRounds "9"]
[EventType "swiss"]
[EventDate "2017.06.03"]

1. e4 c5 2. Nf3 Nf6 3. d3 d5 4. exd5 Nxd5 5. g3 g6 6. Bg2 Bg7 7. O-O O-O 8. c3
Nc6 9. Na3 Rb8 10. Nc2 e6 11. d4 cxd4 12. Ncxd4 Nxd4 13. Nxd4 Bd7 14. h4 e5 15.
Nf3 Bg4 16. Qb3 Ne7 17. Be3 Be6 18. Qc2 Bf5 19. Qd1 a6 20. Qxd8 Rfxd8 21. Rfd1
Nd5 22. Bg5 f6 23. Bc1 Nb6 24. Be3 1/2-1/2